000 00446nam a22001697a 4500
005 20251108175237.0
008 250721s2000 xx 000 0 eng d
082 1 4 _aJ/F/MYE
100 1 _amyers, tim
245 1 0 _aBasho and the fox /
264 1 _anew york :
_bmarshall cavendish,
_c2000.
650 1 7 _aCHILDREN
650 1 7 _aSTORIES
653 _aاطفال مرحلة متوسطة (6-9) سنوات
942 _2ddc
_cBK
999 _c129554
_d129554